000 00966nam a2200253 i 4500
003 DO-SdBNP
005 20240404101841.0
006 a||||gr|||| 00| 0
007 ta
008 240403e1987 dr ||||| |||| 00| 0 spa d
040 _aDO-SdBNP
_bspa
_cBNPHU
_erda
082 4 _222
_bG752m
245 1 0 _aGrandes maestros del derecho dominicano:
_bJ. H Ducoudray, Manuelo Ubaldo Gómez hijo, Froilán Tavares hijo, Federico C. Alvarez, Juan A. Morel, Manuel Arturo Peña Batlle, Freddy Prestol Castillo/
_cCompilador: Raymundo Amaro Guzmán.
264 1 _aSanto Domingo :
_bTiempo,
_c1987
300 _a160 páginas ;
_c21 cm.
336 _2rdacontent
_atexto
_btxt
337 _2rdamedia
_asin mediación
_bn
338 _2rdacarrier
_avolumen
_bnc
490 _aEstudios Jurídicos ;
_vNo. 7
500 _aIncluye bibliografía y notas al pie de páginas.
590 _aInventariado 2024 / MF
700 1 _aAmaro Guzmán, Raymundo,
_9656
_ecompilador
942 _2ddc
_cLBS1
999 _c56237
_d56237